[Event "52nd World Juniors 2013"]
[Site "Kocaeli TUR"]
[Date "2013.09.26"]
[Round "13.22"]
[White "Bortnyk, Mykola"]
[Black "Tomazini, Zan"]
[Result "1-0"]
[BlackTitle "FM"]
[WhiteElo "2417"]
[BlackElo "2277"]
[WhiteFideId "14120836"]
[BlackFideId "14608162"]
[EventDate "2013.09.13"]

1. e4 c5 2. c3 d5 3. exd5 Qxd5 4. d4 g6 5. dxc5 Qxc5 6. Be3 Qc7 7. Na3 Nc6 8.
Bc4 Bg7 9. Nb5 Qb8 10. Qb3 Nd8 11. Rd1 Bd7 12. Bxf7+ Nxf7 13. Rxd7 Kxd7 14. Qxf7
Qe5 15. Nd4 Nh6 16. Qb3 Qe4 17. Ngf3 Bxd4 18. cxd4 Ng4 19. O-O Rac8 20. Bg5 Rc7
21. h3 Nf6 22. Ne5+ Kd8 23. Nf7+ Ke8 24. Bxf6 Rf8 25. Ng5 Qc2 26. Qb5+ Qc6 27.
Ne6 Rxf6 28. Nxc7+ Kd7 29. Qxc6+ bxc6 30. Na6 Rd6 31. Nc5+ Kc8 32. Nb3 a5 33.
Nxa5 Rxd4 34. Nxc6 Rd2 35. Rb1 Kc7 36. Ne5 1-0

[Event "52nd World Juniors 2013"]
[Site "Kocaeli TUR"]
[Date "2013.09.26"]
[Round "13.23"]
[White "Sunilduth Lyna, Narayanan"]
[Black "Fang, Yan"]
[Result "1-0"]
[WhiteElo "2408"]
[BlackElo "2281"]
[WhiteFideId "5058422"]
[BlackFideId "8604746"]
[EventDate "2013.09.13"]

1. d4 d6 2. e4 g6 3. Nc3 Bg7 4. Be3 a6 5. f4 b5 6. a3 Bb7 7. Nf3 Nd7 8. e5 e6 9.
Bd3 Ne7 10. O-O Nb6 11. Qe2 Qd7 12. Ne4 Nbd5 13. Bd2 O-O 14. b3 Kh8 15. c4 bxc4
16. bxc4 Nb6 17. Nf6 Qd8 18. Ng5 dxe5 19. dxe5 Bxf6 20. exf6 Qd4+ 21. Kh1 Nf5
22. Bxf5 exf5 23. Bb4 Qxf6 24. Bxf8 Rxf8 25. Rac1 Qc6 26. Nf3 Re8 27. Qb2+ Kg8
28. Ne5 Qc5 29. Qb4 Qxb4 30. axb4 f6 31. Nd3 Re3 32. Nc5 Bc6 33. Kg1 Ra3 34. Ra1
Nxc4 35. Rxa3 Nxa3 36. Nxa6 Bb5 37. Rf3 1-0

[Event "52nd World Juniors 2013"]
[Site "Kocaeli TUR"]
[Date "2013.09.26"]
[Round "13.24"]
[White "Tomazini, Aljosa"]
[Black "Kurayan, Ruslan"]
[Result "1-0"]
[WhiteTitle "FM"]
[WhiteElo "2251"]
[BlackElo "2398"]
[WhiteFideId "14608154"]
[BlackFideId "14120615"]
[EventDate "2013.09.13"]

1. d4 Nf6 2. Nf3 g6 3. c4 Bg7 4. Nc3 O-O 5. e4 d6 6. h3 e5 7. d5 a5 8. g4 Na6 9.
Be3 Nd7 10. a3 Nac5 11. Rg1 a4 12. Nd2 c6 13. Qc2 Qa5 14. O-O-O cxd5 15. cxd5 b5
16. Nxb5 Qb6 17. Nc3 Qc7 18. Kb1 Ba6 19. Na2 Bxf1 20. Rdxf1 Rfb8 21. Nb4 Rb5 22.
Rc1 Rab8 23. Qxa4 Qb7 24. Qc2 Na6 25. Qc6 Rxb4 26. axb4 Qxb4 27. Nc4 Ndc5 28.
Bd2 Qa4 29. Qxa4 Nxa4 30. Rg3 Bf8 31. Ra3 N4c5 32. f3 Nc7 33. Be3 N7a6 34. Ra5
Kg7 35. Nxd6 Nd3 36. Rxa6 Rxb2+ 37. Ka1 Re2 38. Ne8+ Kg8 39. Nf6+ Kg7 40. Ne8+
Kg8 41. Bg5 h6 42. Ra2 hxg5 43. Rxe2 Nxc1 44. Rc2 Nb3+ 45. Kb2 Nd4 46. Rc8 Kh7
47. d6 Ne6 48. d7 Be7 49. Nc7 Nd4 50. Nd5 1-0

[Event "52nd World Juniors 2013"]
[Site "Kocaeli TUR"]
[Date "2013.09.26"]
[Round "13.25"]
[White "Benitez Lozano, Javier"]
[Black "Koksal, Ege"]
[Result "1/2-1/2"]
[WhiteTitle "CM"]
[BlackTitle "CM"]
[WhiteElo "2308"]
[BlackElo "2207"]
[WhiteFideId "5102472"]
[BlackFideId "6317626"]
[EventDate "2013.09.13"]

1. e4 e5 2. Nf3 Nc6 3. Bc4 Bc5 4. c3 Nf6 5. d3 d6 6. O-O a6 7. Bb3 Ba7 8. Re1
O-O 9. Bg5 Kh8 10. Nbd2 Ne7 11. d4 Ng6 12. h3 h6 13. Be3 Qe7 14. Bc2 exd4 15.
cxd4 c5 16. Nf1 cxd4 17. Bxd4 Ne5 18. Bxa7 Nxf3+ 19. Qxf3 Rxa7 20. Rad1 b5 21.
Qa3 Rd7 22. f4 Nh5 23. Qf3 Qh4 24. g4 Nf6 25. Qg3 Qxg3+ 26. Nxg3 g6 27. Rd4 Bb7
28. Red1 Rc8 29. Bb3 Re7 30. Rxd6 Nxe4 31. Nxe4 Bxe4 32. Re1 Kh7 33. Rxa6 f5 34.
Rb6 Rc5 35. Rd6 Rec7 36. Red1 fxg4 37. hxg4 Bf3 38. Rd7+ Rxd7 39. Rxd7+ Kh8 40.
Rd8+ Kg7 41. Rd7+ Kh8 42. Be6 Rc2 43. Rd3 Be2 44. Rb3 Rd2 45. Rb4 Kg7 46. g5
hxg5 47. fxg5 Kf8 48. Rf4+ Ke7 49. Re4 Bd3 50. Re3 Kd6 51. Bf7 Kc5 52. Re5+ Kd4
53. Rd5+ Ke3 54. Rd6 Rxb2 55. Bxg6 Bxg6 56. Rxg6 Rxa2 57. Rb6 Kf4 58. Rxb5 Ra6
59. Kg2 Rg6 1/2-1/2

[Event "52nd World Juniors 2013"]
[Site "Kocaeli TUR"]
[Date "2013.09.26"]
[Round "13.26"]
[White "Baghdasaryan, Vahe"]
[Black "Buyukasik, Diyap"]
[Result "1-0"]
[WhiteTitle "IM"]
[WhiteElo "2423"]
[BlackElo "2046"]
[WhiteFideId "13303139"]
[BlackFideId "6319602"]
[EventDate "2013.09.13"]

1. e4 c5 2. Nf3 d6 3. d4 cxd4 4. Nxd4 Nf6 5. Nc3 a6 6. Bg5 Nbd7 7. f4 Qc7 8. Qf3
g6 9. O-O-O Bg7 10. Nd5 Nxd5 11. exd5 Nf6 12. f5 O-O 13. h4 Qa5 14. Bc4 Qc5 15.
Bb3 a5 16. a4 b5 17. Nc6 bxa4 18. Be3 Qb5 19. Nxe7+ Kh8 20. h5 gxh5 21. Rxh5 Qd7
22. Rdh1 Qxe7 23. Bg5 Qe5 24. Bf4 Qe7 25. Qh3 Nxh5 26. Qxh5 Bxb2+ 27. Kb1 f6 28.
Bxd6 Qf7 29. Bxf8 Qxh5 30. Rxh5 Be5 31. Bxa4 Rb8+ 32. Ka2 Bb7 33. Bh6 Bxd5+ 34.
Bb3 Bxg2 35. Rh4 Bc6 36. Rg4 Rxb3 37. cxb3 Bf3 38. Rg1 Bh2 39. Rf1 Bg4 40. Rf2 1-0

[Event "52nd World Juniors 2013"]
[Site "Kocaeli TUR"]
[Date "2013.09.26"]
[Round "13.27"]
[White "Grandelius, Nils"]
[Black "Carneiro, Vitor Roberto Castro"]
[Result "1-0"]
[WhiteTitle "GM"]
[BlackTitle "CM"]
[WhiteElo "2576"]
[BlackElo "2263"]
[WhiteFideId "1710400"]
[BlackFideId "2130106"]
[EventDate "2013.09.13"]

1. c4 Nf6 2. Nc3 g6 3. g3 Bg7 4. Bg2 O-O 5. d4 d6 6. Nf3 Nbd7 7. O-O e5 8. e4
exd4 9. Nxd4 Re8 10. h3 a6 11. Be3 Ne5 12. b3 c5 13. Nde2 Rb8 14. a4 Qc7 15. Ra2
Be6 16. f4 Nc6 17. g4 Nb4 18. Rd2 Rbd8 19. Bf2 Bc8 20. Bg3 Qe7 21. f5 Bf8 22.
Bh4 gxf5 23. exf5 Qe3+ 24. Bf2 Qe5 25. Bg3 Qe3+ 26. Kh1 Qh6 27. Ng1 Nc6 28. Bf4
Qg7 29. Nd5 Nxd5 30. Bxd5 Nb4 31. Bf3 d5 32. cxd5 Bd6 33. Ne2 b5 34. axb5 axb5
35. Qc1 c4 36. Bxd6 Nd3 37. Qa3 Qh6 38. Bb4 Qxh3+ 39. Kg1 Re3 40. Nd4 Ne5 41.
Qc1 Nxf3+ 42. Nxf3 Rxf3 43. Rxf3 Qxf3 44. Rf2 Qg3+ 45. Rg2 Qh4 46. Qe3 h6 47. g5
Bxf5 48. gxh6+ Bg6 49. Be7 Re8 50. Rxg6+ 1-0

[Event "52nd World Juniors 2013"]
[Site "Kocaeli TUR"]
[Date "2013.09.26"]
[Round "13.28"]
[White "Franklin, Samuel G A"]
[Black "Emiroglu, Cankut"]
[Result "1/2-1/2"]
[WhiteTitle "FM"]
[BlackTitle "CM"]
[WhiteElo "2353"]
[BlackElo "2260"]
[WhiteFideId "468576"]
[BlackFideId "6306659"]
[EventDate "2013.09.13"]

1. e4 e6 2. d4 d5 3. Nc3 dxe4 4. Nxe4 Bd7 5. Nf3 Bc6 6. Bd3 Nd7 7. O-O Ngf6 8.
Ng3 Be7 9. Re1 Bxf3 10. Qxf3 c6 11. c3 O-O 12. Bd2 Re8 13. Rad1 Nf8 14. Ne4 Nxe4
15. Bxe4 Ng6 16. g3 Bg5 17. h4 Bxd2 18. Rxd2 Nf8 19. Rde2 Qd7 20. a3 Rad8 21.
Bb1 Qd5 22. Be4 Qd7 23. Bb1 Qd5 24. Be4 1/2-1/2

[Event "52nd World Juniors 2013"]
[Site "Kocaeli TUR"]
[Date "2013.09.26"]
[Round "13.29"]
[White "Dragomirescu, Robin-Alexandru"]
[Black "Karaokcu, Erkin"]
[Result "0-1"]
[WhiteTitle "IM"]
[WhiteElo "2349"]
[BlackElo "2014"]
[WhiteFideId "1213849"]
[BlackFideId "6348459"]
[EventDate "2013.09.13"]

1. e4 c5 2. Nf3 g6 3. d4 cxd4 4. Nxd4 Nc6 5. Nc3 Bg7 6. Be3 Nf6 7. f3 O-O 8. Bc4
Qb6 9. Qd2 Nxe4 10. Nxc6 Nxd2 11. Nxe7+ Kh8 12. Bxb6 Nxc4 13. Bf2 Nxb2 14. Ned5
d6 15. O-O Be6 16. Rab1 Rfc8 17. Rfe1 Rxc3 18. Nxc3 Bxc3 19. Re3 Bf6 0-1

[Event "52nd World Juniors 2013"]
[Site "Kocaeli TUR"]
[Date "2013.09.26"]
[Round "13.30"]
[White "Lozhnikov, Vyacheslav"]
[Black "Ozdover, Mustafa Berkay"]
[Result "1/2-1/2"]
[WhiteTitle "FM"]
[WhiteElo "2339"]
[BlackElo "2005"]
[WhiteFideId "13704761"]
[BlackFideId "6311482"]
[EventDate "2013.09.13"]

1. d4 Nf6 2. c4 c5 3. d5 e6 4. Nc3 exd5 5. cxd5 d6 6. e4 g6 7. f4 Bg7 8. e5 Nfd7
9. Ne4 dxe5 10. Nd6+ Kf8 11. Nf3 h6 12. f5 e4 13. Nxe4 gxf5 14. Nc3 Ne5 15. Be2
Nxf3+ 16. Bxf3 Bd4 17. Ne2 Qe8 18. Kf1 Bg7 19. Qc2 Nd7 20. Bf4 Ne5 21. Qxc5+ Kg8
22. Qe3 Bd7 23. Bxe5 Qxe5 24. Qxe5 Bxe5 25. Rc1 Kg7 26. Ke1 a5 27. Kd2 a4 28.
Rc2 b5 29. g3 b4 30. Rc4 Rab8 31. Nd4 Rhd8 32. Re1 Kf6 33. Rf1 Rdc8 34. Nc6 Bxb2
35. Nxb8 Rxb8 36. Rb1 Ba3 37. Bd1 Ke5 38. Rc7 Rd8 39. Ra7 Bb5 40. Bxa4 Rxd5+ 41.
Ke1 Bd3 42. Rd1 b3 43. Bxb3 Bb4+ 44. Kf2 Bc5+ 45. Ke1 Bb4+ 46. Kf2 1/2-1/2

[Event "52nd World Juniors 2013"]
[Site "Kocaeli TUR"]
[Date "2013.09.26"]
[Round "13.31"]
[White "Chu, Wei Chao"]
[Black "Antal, Tibor Kende"]
[Result "1/2-1/2"]
[BlackTitle "FM"]
[WhiteElo "2270"]
[BlackElo "2321"]
[WhiteFideId "8605661"]
[BlackFideId "738581"]
[EventDate "2013.09.13"]

1. e4 c5 2. Nf3 d6 3. d4 cxd4 4. Nxd4 Nf6 5. Nc3 a6 6. Be3 e5 7. Nb3 Be7 8. Qd2
Be6 9. O-O-O Nbd7 10. f4 b5 11. f5 Bc4 12. Kb1 Rc8 13. g4 Nxg4 14. Rg1 Ndf6 15.
Bg5 b4 16. Bxf6 bxc3 17. Bxe7 Kxe7 18. Qe1 Nf6 19. Bd3 cxb2 20. Rxg7 Qc7 21. Rg2
Bxd3 22. cxd3 Qc3 23. Qe3 Rc7 24. Rxb2 Rhc8 25. Rc1 Qb4 26. Rbc2 Qb7 27. Rxc7+
Rxc7 28. Rxc7+ Qxc7 29. Kb2 d5 30. Nd2 d4 31. Qe2 Qc3+ 32. Kb1 1/2-1/2

[Event "52nd World Juniors 2013"]
[Site "Kocaeli TUR"]
[Date "2013.09.26"]
[Round "13.32"]
[White "Uysal, Burak"]
[Black "Grandadam, Nicolas"]
[Result "1/2-1/2"]
[BlackTitle "FM"]
[WhiteElo "1928"]
[BlackElo "2309"]
[WhiteFideId "6339387"]
[BlackFideId "681806"]
[EventDate "2013.09.13"]

1. e4 e5 2. Nf3 Nc6 3. Nc3 Nf6 4. Bb5 Bb4 5. O-O O-O 6. Re1 d6 7. h3 Nd4 8. Bd3
Re8 9. a3 Ba5 10. b4 Bb6 11. Na4 Bd7 12. Nxb6 Nxf3+ 13. Qxf3 axb6 14. Bb2 Bc6
15. b5 Bd7 16. Bf1 Ra4 17. c3 Be6 18. d4 Bc4 19. Bxc4 Rxc4 20. Qd3 Ra4 21. c4
Nd7 22. Qb3 Ra8 23. Qg3 f6 24. Rad1 Qe7 25. f4 exd4 26. Bxd4 Kh8 27. Qd3 Ra4 28.
Rc1 Qe6 29. Bf2 Kg8 30. Rc3 Kf7 31. e5 1/2-1/2

[Event "52nd World Juniors 2013"]
[Site "Kocaeli TUR"]
[Date "2013.09.26"]
[Round "13.33"]
[White "Docena, Jerad"]
[Black "Ratkovic, Milovan"]
[Result "1/2-1/2"]
[WhiteElo "2227"]
[BlackElo "2302"]
[WhiteFideId "5208173"]
[BlackFideId "914525"]
[EventDate "2013.09.13"]

1. e4 c6 2. d4 d5 3. e5 Bf5 4. Nf3 e6 5. Be2 Nd7 6. O-O h6 7. Nbd2 Ne7 8. Nb3 g5
9. h4 g4 10. Ne1 h5 11. g3 f6 12. exf6 Nxf6 13. Nd3 Ng6 14. Bg5 Be7 15. Ne5 Ne4
16. Bxe7 Qxe7 17. Nxg6 Bxg6 18. Bd3 O-O-O 19. Bxe4 Bxe4 20. Nc5 Rhf8 21. Qe2 e5
22. Nxe4 dxe4 23. Qxe4 Rxd4 24. Qe2 e4 25. c3 Rd3 26. Rae1 Qc5 27. Kg2 Rdf3 28.
Qd2 Re8 29. Re3 Rd8 30. Qe2 Rxe3 31. Qxe3 Qf5 32. Qxa7 Rd3 33. Qa8+ Kc7 34. Qa3
Qf3+ 35. Kg1 e3 36. Qe7+ Kb6 37. Qb4+ Ka6 38. Qa4+ Kb6 39. Qb4+ Ka6 1/2-1/2

[Event "52nd World Juniors 2013"]
[Site "Kocaeli TUR"]
[Date "2013.09.26"]
[Round "13.35"]
[White "Farid, Firman Syah"]
[Black "Asgarizadeh, Ahmad"]
[Result "1/2-1/2"]
[WhiteTitle "IM"]
[WhiteElo "2433"]
[BlackElo "2354"]
[WhiteFideId "7102526"]
[BlackFideId "12505684"]
[EventDate "2013.09.13"]

1. d4 Nf6 2. c4 c5 3. d5 e6 4. Nc3 exd5 5. cxd5 d6 6. Nf3 g6 7. g3 Bg7 8. Bg2
O-O 9. O-O a6 10. a4 Nbd7 11. Nd2 Re8 12. Nc4 Ne5 13. Nxe5 Rxe5 14. e4 Re8 15.
Qc2 Rb8 16. b3 b5 17. axb5 axb5 18. Bb2 Qb6 19. Rfe1 Bd7 20. h3 b4 21. Ne2 Bb5
22. Nf4 Rbc8 23. e5 dxe5 24. Rxe5 Nd7 25. Rxe8+ Rxe8 26. Bxg7 Kxg7 27. Rd1 Qd6
28. Nd3 Bxd3 29. Qxd3 Nb6 30. h4 h5 31. Qb5 Rc8 32. Rc1 Rc7 33. Qa6 Nc8 34. Ra1
Ra7 35. Qf1 Rxa1 36. Qxa1+ Qf6 37. Qa8 Ne7 38. Qb8 Nf5 39. Bf1 Qd6 40. Qb7 Nd4
41. Bc4 Kg8 42. Kg2 Kg7 43. Kg1 Nf3+ 44. Kg2 Nd4 45. Kg1 Nf3+ 46. Kg2 Nd4 1/2-1/2

[Event "52nd World Juniors 2013"]
[Site "Kocaeli TUR"]
[Date "2013.09.26"]
[Round "13.37"]
[White "Akhmetov, Ayan"]
[Black "Kitir, Ahmet"]
[Result "1/2-1/2"]
[WhiteElo "2382"]
[BlackElo "1866"]
[WhiteFideId "13703706"]
[BlackFideId "6327737"]
[EventDate "2013.09.13"]

1. c4 Nf6 2. g3 e6 3. Bg2 d5 4. Nf3 c6 5. Qc2 Be7 6. O-O O-O 7. b3 dxc4 8. Qxc4
Qd5 9. Qc2 Na6 10. Bb2 Nb4 11. Qc1 Qh5 12. d3 Nd7 13. Nbd2 e5 14. Nc4 f6 15. a3
Nd5 16. e4 N5b6 17. d4 Nxc4 18. Qxc4+ Kh8 19. dxe5 Nxe5 20. Nxe5 fxe5 21. Qc3
Bf6 22. Rad1 Bh3 23. Bxh3 Qxh3 24. Qb4 Rf7 25. Qd6 Re8 26. Bxe5 Qh5 27. Bd4 Be7
28. Qe6 Rf3 29. Qc4 Bxa3 30. e5 Be7 31. Ba1 Ref8 32. Rd7 Rxf2 33. Rxf2 Rxf2 34.
Kxf2 Qf5+ 35. Ke2 Qxd7 36. e6 Qd5 37. Qxd5 cxd5 38. Kd3 Kg8 39. Be5 Kf8 40. Kd4
Bf6 41. Bxf6 gxf6 42. Kxd5 Ke7 43. g4 a5 44. Kc5 Kxe6 45. Kb6 h5 46. h3 hxg4 47.
hxg4 Kd6 48. Kxb7 Kc5 49. Ka6 Kb4 50. Kb6 Kxb3 51. Kxa5 Kc4 52. Kb6 Kd5 53. Kc7
Ke6 54. Kd8 Kf7 55. Kd7 Kg6 56. Ke6 Kg5 57. Kf7 Kxg4 58. Kxf6 1/2-1/2

[Event "52nd World Juniors 2013"]
[Site "Kocaeli TUR"]
[Date "2013.09.26"]
[Round "13.38"]
[White "Yurtseven, Melih"]
[Black "Ashiku, Franc"]
[Result "1/2-1/2"]
[WhiteElo "2262"]
[BlackElo "2253"]
[WhiteFideId "6312160"]
[BlackFideId "4700066"]
[EventDate "2013.09.13"]

1. e4 e6 2. d4 d5 3. Nd2 c5 4. exd5 Qxd5 5. Ngf3 Nf6 6. Bc4 Qd8 7. O-O cxd4 8.
Nb3 Nc6 9. Nbxd4 Nxd4 10. Nxd4 a6 11. a4 Qc7 12. Bb3 Bd6 13. h3 O-O 14. Bg5 Ne4
15. Be3 b6 16. c3 Bb7 17. Qe2 Rae8 18. Bc4 Qc8 19. Rfd1 Kh8 20. Kh1 Kg8 21. Kg1
Kh8 22. Kh1 Kg8 23. Kg1 Kh8 1/2-1/2

[Event "52nd World Juniors 2013"]
[Site "Kocaeli TUR"]
[Date "2013.09.26"]
[Round "13.39"]
[White "Baglan, Esat"]
[Black "Neves, Pedro"]
[Result "1-0"]
[WhiteElo "2024"]
[BlackElo "2212"]
[WhiteFideId "6309216"]
[BlackFideId "1905554"]
[EventDate "2013.09.13"]

1. e4 c5 2. Nf3 e6 3. d4 cxd4 4. c3 dxc3 5. Nxc3 a6 6. a4 b6 7. Bd3 Bb7 8. Qe2
d6 9. O-O Nd7 10. Rd1 Qb8 11. Bf4 e5 12. Bg5 h6 13. Be3 Ngf6 14. Rac1 Be7 15.
Nh4 g6 16. Qf3 Nc5 17. Bc2 Nh5 18. Nf5 Bf8 19. b4 Ne6 20. Bb3 Nhf4 21. g3 Nh3+
22. Kf1 Nhg5 23. Qg4 gxf5 24. Qxf5 Be7 25. Nd5 Bxd5 26. Bxd5 Ra7 27. h4 O-O 28.
hxg5 Nxg5 29. a5 bxa5 30. Bxa7 Qxa7 31. bxa5 Bd8 32. Rc6 Qb8 33. Kg2 Bxa5 34.
Qf6 Qb2 35. Qg6+ Kh8 36. Qxh6+ 1-0

[Event "52nd World Juniors 2013"]
[Site "Kocaeli TUR"]
[Date "2013.09.26"]
[Round "13.40"]
[White "Yuksel, Atilla Koksal"]
[Black "Nagy, Gabor1"]
[Result "0-1"]
[WhiteTitle "CM"]
[BlackTitle "IM"]
[WhiteElo "2060"]
[BlackElo "2457"]
[WhiteFideId "6306667"]
[BlackFideId "737119"]
[EventDate "2013.09.13"]

1. e4 c5 2. Nf3 d6 3. d4 cxd4 4. Nxd4 Nf6 5. Nc3 Nbd7 6. Bg5 g6 7. f3 a6 8. Qd2
h6 9. Be3 b5 10. a4 b4 11. Nd5 Nxd5 12. exd5 Bb7 13. Nc6 Qc7 14. Nxb4 Bg7 15.
Bd4 Bxd4 16. Qxd4 O-O 17. c4 Nc5 18. Qc3 e6 19. dxe6 Rae8 20. g3 Rxe6+ 21. Kf2
Rfe8 22. Nc2 Qb6 23. Kg2 Re2+ 24. Bxe2 Rxe2+ 25. Kf1 Rf2+ 26. Kxf2 Ne4+ 27. Ke2
Qf2+ 28. Kd1 Nxc3+ 29. Kc1 Bxf3 30. Re1 Ne2+ 31. Kb1 Be4 0-1

[Event "52nd World Juniors 2013"]
[Site "Kocaeli TUR"]
[Date "2013.09.26"]
[Round "13.41"]
[White "Ferreira, Jorge Viterbo"]
[Black "Zhanbai Uulu, Zhokhar"]
[Result "1/2-1/2"]
[WhiteTitle "FM"]
[WhiteElo "2426"]
[BlackElo "1843"]
[WhiteFideId "1910850"]
[BlackFideId "13800809"]
[EventDate "2013.09.13"]

1. Nf3 Nf6 2. c4 c5 3. g3 b6 4. Bg2 Bb7 5. Nc3 e6 6. O-O a6 7. d4 cxd4 8. Qxd4
d6 9. b3 Nbd7 10. Rd1 Be7 11. Ng5 Bxg2 12. Kxg2 O-O 13. Bb2 Qc7 14. Nge4 Rfd8
15. Rac1 Nc5 16. f3 Rac8 17. Nxc5 bxc5 18. Qf4 Qc6 19. e4 Nd7 20. Qd2 Nb6 21.
Qe2 Bf6 22. Rd3 Bd4 23. Rcd1 a5 24. Nb5 e5 25. Na7 Qb7 26. Nxc8 Rxc8 27. Bc1 Nd7
28. Bd2 Ra8 29. Be1 Nf8 30. Rb1 Ne6 31. a3 Qa6 32. Qc2 Rc8 33. Qd2 Ra8 34. Qc2
Rc8 35. Rdd1 g6 36. h4 Kg7 37. Qd2 Ra8 38. Qd3 Rc8 39. Rd2 Ra8 40. Rc2 Qc6 41.
Bd2 Ra7 42. Bc1 f6 43. Qd2 g5 44. hxg5 fxg5 45. Qe1 h5 46. a4 Rf7 47. Re2 Qa8
48. Qh1 Kg6 49. Bd2 Qf8 50. Rf1 Qb8 51. Rb1 Qf8 52. Rf1 Qb8 53. Rb1 1/2-1/2

[Event "52nd World Juniors 2013"]
[Site "Kocaeli TUR"]
[Date "2013.09.26"]
[Round "13.42"]
[White "Bornheim, Craig"]
[Black "Ochsner, Bjorn Moller"]
[Result "1-0"]
[WhiteTitle "CM"]
[BlackTitle "FM"]
[WhiteElo "1973"]
[BlackElo "2366"]
[WhiteFideId "14300370"]
[BlackFideId "1416928"]
[EventDate "2013.09.13"]

1. d4 Nf6 2. c4 e6 3. Nf3 b6 4. g3 Bb7 5. Bg2 Be7 6. O-O O-O 7. Nc3 Ne4 8. Qc2
Nxc3 9. Qxc3 c5 10. Rd1 d6 11. b3 Bf6 12. Qc2 Nd7 13. Ng5 Bxg5 14. Bxg5 Qxg5 15.
Bxb7 Rad8 16. Bg2 Qf6 17. Qe4 Nb8 18. Qf3 Qxf3 19. Bxf3 Rfe8 20. Rd2 Kf8 21.
Rad1 Ke7 22. Kf1 g5 23. e3 Rg8 24. Ke2 Na6 25. Rh1 h6 26. h4 Nc7 27. Bc6 Na6 28.
Bf3 Nb8 29. Rdd1 Nd7 30. Kd3 Nf6 31. Kc3 Rc8 32. Kb2 Rc7 33. hxg5 hxg5 34. Rh6
Rd8 35. Ka3 Rb8 36. Rdh1 cxd4 37. exd4 b5 38. Rc1 bxc4 39. Rxc4 Rxc4 40. bxc4 g4
41. Bg2 Rb1 42. Rh1 Rxh1 43. Bxh1 Nh5 44. Kb4 f5 45. Kb5 Kd7 46. Bc6+ Kd8 47.
Bg2 Kc7 48. Bf1 Nf6 49. Bd3 d5 50. cxd5 Nxd5 51. Kc5 Nb6 52. d5 Nd7+ 53. Kb5 Ne5
54. Bc2 Kd6 55. dxe6 Kxe6 56. a4 Nf3 57. Ka6 Nd4 58. Bd3 Nc6 59. Bb5 Nb4+ 60.
Kxa7 Kd5 61. Kb6 Ke4 62. Kc5 Nd3+ 63. Bxd3+ Kxd3 64. Kd5 f4 65. a5 f3 66. a6 Ke2
67. a7 Kxf2 68. a8=Q Kxg3 69. Ke4 1-0

[Event "52nd World Juniors 2013"]
[Site "Kocaeli TUR"]
[Date "2013.09.26"]
[Round "13.43"]
[White "Yargici, Mazhar Kutay"]
[Black "Pecurica, Milos"]
[Result "1/2-1/2"]
[WhiteElo "1970"]
[BlackElo "2190"]
[WhiteFideId "6310400"]
[BlackFideId "944963"]
[EventDate "2013.09.13"]

1. d4 d5 2. c4 Bf5 3. Nc3 e6 4. Nf3 Nc6 5. Bf4 Nf6 6. e3 Be7 7. h3 O-O 8. Be2 a6
9. Rc1 dxc4 10. Bxc4 h6 11. O-O Rc8 12. a3 Bd6 13. Bxd6 cxd6 14. Bd3 Bxd3 15.
Qxd3 Na5 16. e4 Nc4 17. Rc2 Qb6 18. Rfc1 Qb3 19. Qe2 Nd7 20. Nd1 Ndb6 21. Nd2
Nxd2 22. Qxd2 Rxc2 23. Qxc2 Qxc2 24. Rxc2 Rc8 25. Rxc8+ Nxc8 26. Ne3 Nb6 27. b3
d5 28. exd5 Nxd5 29. Nxd5 exd5 30. Kf1 1/2-1/2

[Event "52nd World Juniors 2013"]
[Site "Kocaeli TUR"]
[Date "2013.09.26"]
[Round "13.44"]
[White "Temizkan, Denizcan"]
[Black "Igonin, Temur"]
[Result "1-0"]
[BlackTitle "FM"]
[WhiteElo "1921"]
[BlackElo "2074"]
[WhiteFideId "6325157"]
[BlackFideId "14203049"]
[EventDate "2013.09.13"]

1. d4 d5 2. c4 dxc4 3. e3 Nf6 4. Nf3 e6 5. Bxc4 c5 6. O-O a6 7. a4 Nc6 8. Qe2
cxd4 9. Rd1 Be7 10. exd4 O-O 11. Nc3 Nd5 12. Qe4 Ncb4 13. Ne5 b6 14. Bd3 Nxd3
15. Rxd3 Bb7 16. Rh3 f5 17. Qe2 Qe8 18. Bd2 Rc8 19. Re1 Bf6 20. Nxd5 Bxd5 21.
Bb4 Bxe5 22. dxe5 Rf7 23. Qxa6 Ra8 24. Qb5 Qxb5 25. axb5 Ra2 26. Bc3 1-0

[Event "52nd World Juniors 2013"]
[Site "Kocaeli TUR"]
[Date "2013.09.26"]
[Round "13.46"]
[White "Thompson, Robert"]
[Black "Mamyrbay, Assad"]
[Result "0-1"]
[WhiteElo "1966"]
[BlackElo "1823"]
[WhiteFideId "417513"]
[BlackFideId "13708880"]
[EventDate "2013.09.13"]

1. Nf3 g6 2. g3 c5 3. c4 Bg7 4. d4 cxd4 5. Nxd4 Nc6 6. Nb3 Nf6 7. Bg2 O-O 8. Nc3
d6 9. O-O Bf5 10. h3 Qd7 11. Kh2 Rfd8 12. Be3 Rac8 13. Nd2 Ne5 14. b3 Neg4+ 15.
hxg4 Nxg4+ 16. Kg1 Nxe3 17. fxe3 Bxc3 18. Rc1 Bb2 19. e4 Bh3 20. Rc2 Be5 21. Rf3
Bxg2 22. Kxg2 h5 23. Nf1 Qg4 24. Qd3 h4 25. Qd5 Rf8 26. Qxb7 hxg3 27. Nxg3 e6
28. Rd2 Kg7 29. Rdd3 Bxg3 30. Rxg3 Qxe2+ 31. Kg1 Rh8 32. Rdf3 Qe1+ 33. Kg2 Qh1+
34. Kf2 Rh2+ 35. Ke3 Qe1+ 36. Kf4 Rh6 37. Rxg6+ Rxg6 0-1

[Event "52nd World Juniors 2013"]
[Site "Kocaeli TUR"]
[Date "2013.09.26"]
[Round "13.47"]
[White "Meftahi, Houssem"]
[Black "Karabayir, Mustafa Yilmaz"]
[Result "1/2-1/2"]
[WhiteElo "2076"]
[BlackElo "1926"]
[WhiteFideId "5501660"]
[BlackFideId "6300090"]
[EventDate "2013.09.13"]

1. e4 e5 2. Bc4 Nf6 3. d3 c6 4. Nf3 d5 5. Bb3 Bd6 6. Nc3 d4 7. Ne2 Nbd7 8. a3
Nc5 9. Ba2 Be6 10. Bxe6 Nxe6 11. Ng3 g6 12. O-O Qd7 13. c4 a5 14. Ng5 O-O 15.
Nxe6 fxe6 16. Bh6 Rfb8 17. f4 exf4 18. Bxf4 Bxf4 19. Rxf4 Qg7 20. b4 e5 21. Rf1
axb4 22. axb4 Rxa1 23. Qxa1 Ng4 24. Qa2 Qe7 25. c5+ Kg7 26. Rf3 Rf8 27. Rxf8
Qxf8 28. Qe2 Qf4 29. Nf1 Nf6 30. Qd2 Nh5 31. g3 Qg4 32. Kf2 Nf6 33. Qe2 Qe6 1/2-1/2

[Event "52nd World Juniors 2013"]
[Site "Kocaeli TUR"]
[Date "2013.09.26"]
[Round "13.48"]
[White "Kilic, Efe Mert"]
[Black "Gundogan, Cem"]
[Result "1/2-1/2"]
[WhiteElo "1843"]
[BlackElo "2072"]
[WhiteFideId "6354327"]
[BlackFideId "6311032"]
[EventDate "2013.09.13"]

1. e4 e6 2. d4 d5 3. exd5 exd5 4. Bd3 Bd6 5. c3 Nf6 6. Nf3 O-O 7. O-O c6 8. Re1
Re8 9. Rxe8+ Qxe8 10. Qe1 Qxe1+ 11. Nxe1 Bg4 12. Bg5 Nbd7 13. Nc2 Bh5 14. Bh4
Bg6 15. Bg3 Bxg3 16. hxg3 Re8 17. Bxg6 hxg6 18. Kf1 Ng4 19. Nd2 b5 20. Re1 Rxe1+
21. Kxe1 f6 22. Ke2 Kf7 1/2-1/2